Straight A's in medical-surgical nursing. (Record no. 10855)
[ view plain ]
| 000 -LEADER | |
|---|---|
| fixed length control field | 02754cam a22004814a 4500 |
| 001 - CONTROL NUMBER | |
| control field | 14954790 |
| 005 - DATE AND TIME OF LATEST TRANSACTION | |
| control field | 20080312131650.0 |
| 007 - PHYSICAL DESCRIPTION FIXED FIELD--GENERAL INFORMATION | |
| fixed length control field | co |g||||||||| |
| 008 - FIXED-LENGTH DATA ELEMENTS--GENERAL INFORMATION | |
| fixed length control field | 070803s2008 paua b 001 0 eng |
| 010 ## - LIBRARY OF CONGRESS CONTROL NUMBER | |
| LC control number | 2007032105 |
| 020 ## - INTERNATIONAL STANDARD BOOK NUMBER | |
| International Standard Book Number | 9781582556949 (alk. paper) |
| 020 ## - INTERNATIONAL STANDARD BOOK NUMBER | |
| International Standard Book Number | 1582556946 (alk. paper) |
| 035 ## - SYSTEM CONTROL NUMBER | |
| System control number | (OCoLC)ocn163604790 |
| 035 ## - SYSTEM CONTROL NUMBER | |
| System control number | (OCoLC)163604790 |
| Canceled/invalid control number | (OCoLC)154670413 |
| 040 ## - CATALOGING SOURCE | |
| Original cataloging agency | DNLM/DLC |
| Transcribing agency | DLC |
| Modifying agency | YDX |
| -- | BAKER |
| -- | BTCTA |
| -- | YDXCP |
| -- | DLC |
| 042 ## - AUTHENTICATION CODE | |
| Authentication code | pcc |
| 050 10 - LIBRARY OF CONGRESS CALL NUMBER | |
| Classification number | RT52 |
| Item number | .S77 2008 |
| 082 ## - DEWEY DECIMAL CLASSIFICATION NUMBER | |
| Edition number | 20 |
| Classification number | 610 |
| Item number | STR |
| 245 00 - TITLE STATEMENT | |
| Title | Straight A's in medical-surgical nursing. |
| 246 30 - VARYING FORM OF TITLE | |
| Title proper/short title | Medical-surgical nursing |
| 250 ## - EDITION STATEMENT | |
| Edition statement | 2nd ed. |
| 260 ## - PUBLICATION, DISTRIBUTION, ETC. (IMPRINT) | |
| Place of publication, distribution, etc | Philadelphia, Pa. : |
| Name of publisher, distributor, etc | Wolters Kluwer Health/Lippincott Williams & Wilkins, |
| Date of publication, distribution, etc | c2008. |
| 300 ## - PHYSICAL DESCRIPTION | |
| Extent | ix, 501 p. : |
| Other physical details | ill. ; |
| Dimensions | 26 cm. + |
| Accompanying material | 1 CD-ROM (4 3/4 in.) |
| 490 0# - Series Statement | |
| Series statement | Straight A's |
| 504 ## - BIBLIOGRAPHY, ETC. NOTE | |
| Bibliography, etc | Includes bibliographical references (p. 492) and index. |
| 505 0# - FORMATTED CONTENTS NOTE | |
| Formatted contents note | Cardiovascular system -- Respiratory system -- Nervous system -- Sensory system : eyes and ears -- Gastrointestinal system -- Endocrine system -- Renal and urologic system -- Musculoskeletal system -- Integumentary system -- Hematologic and lymphatic systems. |
| 538 ## - SYSTEM DETAILS NOTE | |
| System details note | System requirements: Pentium 4; 512 MB RAM, 10 MB of free hard-disk space; Windows XP-Home edition, SVGA monitor with high color (16-bit), CD-ROM drive, mouse. |
| 650 #0 - SUBJECT ADDED ENTRY--TOPICAL TERM | |
| Topical term or geographic name as entry element | Nursing |
| Form subdivision | Outlines, syllabi, etc. |
| 650 #0 - SUBJECT ADDED ENTRY--TOPICAL TERM | |
| Topical term or geographic name as entry element | Nursing |
| Form subdivision | Examinations, questions, etc. |
| 650 #0 - SUBJECT ADDED ENTRY--TOPICAL TERM | |
| Topical term or geographic name as entry element | Surgical nursing |
| Form subdivision | Outlines, syllabi, etc. |
| 650 #0 - SUBJECT ADDED ENTRY--TOPICAL TERM | |
| Topical term or geographic name as entry element | Surgical nursing |
| Form subdivision | Examinations, questions, etc. |
| 650 #2 - SUBJECT ADDED ENTRY--TOPICAL TERM | |
| Topical term or geographic name as entry element | Nursing Care |
| Form subdivision | Examination Questions. |
| 650 #2 - SUBJECT ADDED ENTRY--TOPICAL TERM | |
| Topical term or geographic name as entry element | Perioperative Nursing |
| Form subdivision | Examination Questions. |
| 710 2# - ADDED ENTRY--CORPORATE NAME | |
| Corporate name or jurisdiction name as entry element | Lippincott Williams & Wilkins. |
| 856 42 - ELECTRONIC LOCATION AND ACCESS | |
| Materials specified | Publisher description |
| Uniform Resource Identifier | <a href="http://www.loc.gov/catdir/enhancements/fy0743/2007032105-d.html">http://www.loc.gov/catdir/enhancements/fy0743/2007032105-d.html</a> |
| 856 41 - ELECTRONIC LOCATION AND ACCESS | |
| Materials specified | Table of contents only |
| Uniform Resource Identifier | <a href="http://www.loc.gov/catdir/enhancements/fy0811/2007032105-t.html">http://www.loc.gov/catdir/enhancements/fy0811/2007032105-t.html</a> |
| 942 ## - ADDED ENTRY ELEMENTS (KOHA) | |
| Source of classification or shelving scheme | Dewey Decimal Classification |
| Item type | Book - Borrowing |
| Withdrawn status | Item status | Source of classification or shelving scheme | Damaged status | Not for loan | Vendor | Home library | Current library | Shelving location | Date acquired | Source of acquisition | Cost, normal purchase price | Serial Enumeration / chronology | Total Checkouts | Total Renewals | Full call number | Barcode | Checked out | Date last seen | Date last borrowed | Koha item type | Materials specified (bound volume or other part) |
|---|---|---|---|---|---|---|---|---|---|---|---|---|---|---|---|---|---|---|---|---|---|
| Dewey Decimal Classification | Baccah | Central Library | Central Library | First floor | 17/02/2009 | 155.20 | 6996 | 37 | 108 | 610 STR | 000014635 | 28/10/2023 | 29/08/2023 | 29/08/2023 | Book - Borrowing | ||||||
| Lost | Dewey Decimal Classification | Baccah | Central Library | Central Library | First floor | 17/02/2009 | 155.20 | 6996 | 31 | 18 | 610 STR | 000014634 | 23/01/2014 | 23/01/2014 | NB - Book (Non borrowing) | Lost In Inventory_2015-8-23 | |||||
| Dewey Decimal Classification | Central Library | Central Library | First floor | 05/05/2010 | 2 | 610 STR | 000020804 | 24/08/2022 | 10/11/2010 | CD | DVD - With book | |||||||||||
| Dewey Decimal Classification | Central Library | Central Library | First floor | 26/05/2011 | 4 | 610 STR | 000023733 | 24/08/2022 | 03/12/2012 | CD | DVD - With book (NB) |